[Event "3. Hrvatska liga zapad 2017."]
[Site "Pula, Gospić, Rijeka"]
[Date "2017.04.09"]
[Round "6.3"]
[White "Res, Dalibor"]
[Black "Topic, Joso"]
[Result "1/2-1/2"]
[WhiteElo "1679"]
[BlackElo "1655"]
[PlyCount "49"]
[EventDate "2017.03.25"]

1. e4 e5 2. Nf3 d6 3. Bc4 h6 4. d4 exd4 5. Qxd4 Nf6 6. O-O Nc6 7. Bb5 Bd7 8.
Bxc6 Bxc6 9. Nc3 Be7 10. Bf4 O-O 11. Nd5 Nxd5 12. exd5 Bf6 13. Qc4 Bd7 14. c3
a6 15. Qb3 Rb8 16. Rfe1 Bg4 17. Re3 Re8 18. Rae1 Rxe3 19. Rxe3 Qd7 20. h3 Bh5
21. Nd2 Bg6 22. Ne4 Bxe4 23. Rxe4 b5 24. Qc2 a5 25. b3 1/2-1/2

[Event "3. Hrvatska liga zapad 2017."]
[Site "Pula, Gospić, Rijeka"]
[Date "2017.04.09"]
[Round "6.4"]
[White "Jerkovic, Maroje"]
[Black "Gall, Toni Peter"]
[Result "1-0"]
[WhiteElo "2104"]
[BlackElo "1725"]
[PlyCount "67"]
[EventDate "2017.03.25"]

1. e4 c5 2. Nf3 Nc6 3. d4 cxd4 4. Nxd4 Nf6 5. Nc3 e5 6. Ndb5 a6 7. Nd6+ Bxd6 8.
Qxd6 Qe7 9. Qd2 b5 10. Bd3 Bb7 11. O-O h6 12. Qe3 Nd4 13. a3 Rc8 14. f4 d6 15.
Qh3 O-O 16. Be3 Ne6 17. fxe5 dxe5 18. Qf5 Nc5 19. Bxh6 gxh6 20. Qxf6 Qxf6 21.
Rxf6 Kg7 22. Raf1 Rc6 23. R6f5 f6 24. R1f3 Rd6 25. Kf1 Rd4 26. Ne2 Nxe4 27.
Nxd4 exd4 28. Bxe4 Bxe4 29. Rg3+ Kf7 30. Rc5 Ke6 31. Rg4 Kd6 32. b4 Re8 33. Rh4
Rg8 34. Rxe4 1-0

[Event "3. Hrvatska liga zapad 2017."]
[Site "Pula, Gospić, Rijeka"]
[Date "2017.04.09"]
[Round "6.4"]
[White "Causevic, Miro"]
[Black "Ban, Ivoslav"]
[Result "0-1"]
[WhiteElo "1643"]
[BlackElo "1994"]
[PlyCount "52"]
[EventDate "2017.03.25"]

1. e4 c5 2. Bc4 e6 3. Nc3 Nf6 4. d3 d5 5. exd5 exd5 6. Bb5+ Nc6 7. Bg5 Be7 8.
Nge2 O-O 9. Bxc6 bxc6 10. O-O h6 11. Bh4 Re8 12. f3 d4 13. Ne4 Nd5 14. Bf2 f5
15. N4g3 Bg5 16. f4 Bxf4 17. Nxf4 Nxf4 18. Qd2 g5 19. Rae1 Rxe1 20. Rxe1 Qd5
21. Re8+ Kf7 22. Ne4 fxe4 23. dxe4 Qd7 24. Re5 Qd6 25. Rxc5 Qxc5 26. Bxd4 Ne2+
0-1

[Event "3. Hrvatska liga zapad 2017."]
[Site "Pula, Gospić, Rijeka"]
[Date "2017.04.09"]
[Round "6.4"]
[White "Relja, Marin"]
[Black "Desnica, Lara"]
[Result "1-0"]
[WhiteElo "1984"]
[BlackElo "1349"]
[PlyCount "59"]
[EventDate "2017.03.25"]

1. b3 e5 2. Bb2 Nc6 3. e3 d5 4. Bb5 Bd7 5. Bxc6 Bxc6 6. Bxe5 Qg5 7. Bg3 Nf6 8.
Nf3 Qf5 9. Nd4 Qd7 10. Nc3 Be7 11. a4 a6 12. O-O O-O 13. d3 Bb4 14. Nce2 b6 15.
Nxc6 Qxc6 16. c4 dxc4 17. bxc4 Rfd8 18. Qc2 a5 19. Rfd1 Rd7 20. Nd4 Qb7 21. h3
Rad8 22. Bh4 Be7 23. Rab1 c6 24. Nf5 Bb4 25. d4 Rc8 26. Bxf6 gxf6 27. Qe4 Kh8
28. Qh4 Kg8 29. c5 Rdd8 30. Qh6 1-0

[Event "3. Hrvatska liga zapad 2017."]
[Site "Pula, Gospić, Rijeka"]
[Date "2017.04.09"]
[Round "6.5"]
[White "Vrhovnik, Damir"]
[Black "Rajkovic, Frano"]
[Result "1-0"]
[WhiteElo "2049"]
[BlackElo "1829"]
[PlyCount "59"]
[EventDate "2017.03.25"]

1. Nf3 d5 2. c4 c6 3. g3 Nf6 4. Bg2 Bf5 5. b3 e6 6. Bb2 Be7 7. d3 O-O 8. O-O h6
9. Nbd2 Nbd7 10. Rc1 Re8 11. Re1 Bf8 12. e4 dxe4 13. dxe4 Bg4 14. e5 Nh7 15.
Ne4 Nc5 16. Nd6 Bxd6 17. exd6 Ng5 18. Qd4 Nxf3+ 19. Bxf3 e5 20. Qxg4 Nd3 21.
Red1 Nxc1 22. Bxc1 Qf6 23. c5 Rad8 24. b4 a6 25. a4 Re6 26. b5 axb5 27. axb5
cxb5 28. Bxb7 Rb8 29. c6 Rxd6 30. c7 1-0

[Event "3. Hrvatska liga zapad 2017."]
[Site "Pula, Gospić, Rijeka"]
[Date "2017.04.09"]
[Round "6.5"]
[White "Pahljina, Marko"]
[Black "Rajter, Emil"]
[Result "1-0"]
[WhiteElo "1922"]
[BlackElo "1907"]
[PlyCount "133"]
[EventDate "2017.03.25"]

1. d4 Nf6 2. Nf3 e6 3. c4 Bb4+ 4. Nc3 b6 5. e3 Bb7 6. Bd3 O-O 7. O-O d5 8. a3
Bxc3 9. bxc3 Nbd7 10. Bb2 dxc4 11. Bxc4 c5 12. Rc1 Ne4 13. Bd3 Rc8 14. Nd2 Nxd2
15. Qxd2 c4 16. Bc2 f5 17. Rcd1 Nf6 18. f3 Qe7 19. Rfe1 Rcd8 20. a4 Nd5 21. Qe2
Qc7 22. e4 fxe4 23. Qxe4 Nf6 24. Qxe6+ Qf7 25. Qxf7+ Rxf7 26. Re2 g6 27. Rde1
Nd5 28. Re5 Rdd7 29. Be4 Kg7 30. g3 Rfe7 31. f4 Kf7 32. Bg2 Kf6 33. Kf2 a6 34.
Bh3 Rc7 35. Ke2 b5 36. axb5 axb5 37. Kd2 b4 38. Rxe7 bxc3+ 39. Bxc3 Rxe7 40.
Re5 Kf7 41. Ba5 Rxe5 42. fxe5 Bc6 43. Bd8 Ke8 44. Bg5 Kf7 45. e6+ Ke8 46. Bg2
h6 47. Bxh6 Ke7 48. Be4 Kf6 49. h4 Kxe6 50. Bxg6 Ne7 51. Bc2 Nf5 52. Bxf5+ Kxf5
53. Kc3 Bd5 54. Kb4 Be6 55. Kc5 Ke4 56. Bf4 Bf7 57. h5 Bxh5 58. Kxc4 Bf7+ 59.
Kc5 Ba2 60. Be5 Be6 61. Kd6 Bg8 62. g4 Bb3 63. g5 Bf7 64. Ke7 Bc4 65. Kf6 Bb3
66. g6 Bc4 67. g7 1-0

[Event "3. Hrvatska liga zapad 2017."]
[Site "Pula, Gospić, Rijeka"]
[Date "2017.04.09"]
[Round "6.5"]
[White "Duda, Daniel"]
[Black "Valkovic, Valter"]
[Result "1/2-1/2"]
[WhiteElo "1857"]
[BlackElo "1822"]
[PlyCount "105"]
[EventDate "2017.03.25"]

1. e4 d6 2. d4 b6 3. c4 g6 4. Nc3 Bg7 5. Nf3 Bb7 6. Be2 e6 7. O-O Ne7 8. Be3
O-O 9. Qd2 d5 10. cxd5 exd5 11. e5 Nf5 12. Bf4 Nd7 13. Bd3 Ne7 14. Rac1 c5 15.
Nb5 c4 16. Nd6 Ba6 17. Be2 Nc8 18. Nxc8 Rxc8 19. Qe3 Re8 20. Qa3 Nb8 21. Nd2
Bf8 22. Qe3 b5 23. Rfe1 Qa5 24. Qg3 Nc6 25. Bg4 Ra8 26. Bd7 Nxd4 27. Bxe8 Rxe8
28. Qc3 Nc6 29. Qxa5 Nxa5 30. Nf3 Bb7 31. Nd4 a6 32. e6 f6 33. e7 Rxe7 34. Rxe7
Bxe7 35. Bc7 Nc6 36. Nxc6 Bxc6 37. Bb6 Bd6 38. Re1 Be5 39. Re2 d4 40. f4 d3 41.
Rf2 Bd6 42. Kf1 Bb4 43. a3 Bd6 44. Bd4 b4 45. axb4 Bxb4 46. Bc3 a5 47. Ke1 Kf7
48. Kd2 Bc5 49. Rf1 a4 50. g3 f5 51. Re1 Be4 52. Ra1 Bc6 53. Re1 1/2-1/2

[Event "3. Hrvatska liga zapad 2017."]
[Site "Pula, Gospić, Rijeka"]
[Date "2017.04.09"]
[Round "6.5"]
[White "Hadzipasic, Suad"]
[Black "Kvaternik, Sinisa"]
[Result "1/2-1/2"]
[WhiteElo "1732"]
[BlackElo "1882"]
[PlyCount "105"]
[EventDate "2017.03.25"]

1. d4 d5 2. c4 e6 3. Nc3 dxc4 4. e3 Nf6 5. Bxc4 b6 6. Qf3 c6 7. Nge2 Bb4 8. a3
Bxc3+ 9. Nxc3 Bb7 10. Qg3 O-O 11. O-O Nbd7 12. Rd1 Qb8 13. Qxb8 Raxb8 14. f3 c5
15. b4 cxb4 16. Nb5 Rfc8 17. Nd6 Rc6 18. Nxb7 Rxb7 19. Bb5 Rc3 20. axb4 Nd5 21.
Bd2 Rb3 22. Rdc1 g5 23. Bc4 Rb2 24. Bxd5 exd5 25. Rc8+ Kg7 26. Bc3 Re2 27. Re1
Rxe1+ 28. Bxe1 f5 29. Bg3 h5 30. b5 h4 31. Bd6 Kf7 32. Kf2 Ke6 33. Bb4 Rb8 34.
Rc6+ Kf7 35. Rc7 Ke6 36. Ke2 Ra8 37. Rc6+ Kf7 38. Rd6 Nf6 39. Rc6 a5 40. bxa6
Rxa6 41. Rc7+ Kg6 42. Rc6 Kf7 43. Rc7+ Kg6 44. Kd3 Ra2 45. Rc2 Rxc2 46. Kxc2 g4
47. f4 Ne4 48. Be1 Kh5 49. Kb3 g3 50. hxg3 hxg3 51. Kb4 Kg4 52. Kb5 Nf2 53.
Kxb6 1/2-1/2

[Event "3. Hrvatska liga zapad 2017."]
[Site "Pula, Gospić, Rijeka"]
[Date "2017.04.09"]
[Round "6.5"]
[White "Glad, Ranko"]
[Black "Pahljina, Ivo"]
[Result "1-0"]
[WhiteElo "1721"]
[BlackElo "1393"]
[PlyCount "119"]
[EventDate "2017.03.25"]

1. c4 d6 2. g3 Nf6 3. Bg2 e5 4. Nc3 Be7 5. d3 c6 6. Rb1 O-O 7. e4 Nbd7 8. Nge2
Qc7 9. O-O Re8 10. f4 Nb6 11. b4 a5 12. b5 Bd8 13. h3 d5 14. fxe5 Qxe5 15. Bf4
Qe7 16. bxc6 bxc6 17. Bg5 Qc5+ 18. d4 Qxc4 19. Bxf6 Bxf6 20. Rxf6 gxf6 21. Rxb6
dxe4 22. Nxe4 Re6 23. Nf4 Rxe4 24. Bxe4 Be6 25. Nxe6 fxe6 26. Rxc6 Qb4 27. Rc7
Qd6 28. Qg4+ Kf8 29. Qg7+ Ke8 30. Qf7+ Kd8 31. Rd7+ Qxd7 32. Qxd7+ Kxd7 33.
Bxa8 Kd6 34. Kf2 e5 35. Ke3 f5 36. dxe5+ Kxe5 37. Bc6 Kd6 38. Bb5 Ke5 39. a4 h5
40. h4 Kf6 41. Kf4 Kg6 42. Bd7 Kg7 43. Kxf5 Kh6 44. g4 hxg4 45. Kxg4 Kg6 46.
h5+ Kh6 47. Be8 Kg7 48. Kf5 Kg8 49. Bg6 Kg7 50. Ke5 Kf8 51. Kd5 Ke7 52. Kc5 Kd7
53. Kb5 Ke7 54. Kxa5 Kd7 55. Kb6 Kc8 56. h6 Kd7 57. h7 Ke7 58. h8=Q Kd7 59.
Qg7+ Kd6 60. Qf6+ 1-0

[Event "3. Hrvatska liga zapad 2017."]
[Site "Pula, Gospić, Rijeka"]
[Date "2017.04.09"]
[Round "6.5"]
[White "Perusko, Niko"]
[Black "Stracenski, Janko"]
[Result "0-1"]
[WhiteElo "1337"]
[BlackElo "1706"]
[PlyCount "56"]
[EventDate "2017.03.25"]

1. e4 c6 2. d4 d5 3. exd5 cxd5 4. Nf3 a6 5. c4 Bg4 6. Qb3 Qc7 7. Nbd2 Nc6 8.
cxd5 Na5 9. Qe3 Nf6 10. Qe5 Qb6 11. Be2 Rd8 12. O-O Rxd5 13. Qe3 Qd8 14. b3 e6
15. Bb2 Bd6 16. Nc4 Bb8 17. Nxa5 Rxa5 18. Ne5 Bf5 19. Bc3 Rd5 20. Bf3 Bxe5 21.
Bxd5 Bxh2+ 22. Kxh2 Ng4+ 23. Kg1 Nxe3 24. fxe3 Qxd5 25. Bd2 Be4 26. Rac1 O-O
27. Rc5 Qd8 28. Rfc1 f5 0-1